[Event "Verbandsliga Suedbaden 2223"]
[Site "Germany"]
[Date "2023.05.07"]
[Round "9.4"]
[White "Stankovic, Zeljko"]
[Black "Metz, Hartmut"]
[Result "0-1"]
[WhiteElo "2220"]
[BlackElo "2187"]
[PlyCount "102"]
[EventDate "2022.09.25"]
[EventType "team-tourn"]
[EventRounds "9"]
[EventCountry "GER"]
[SourceTitle "EXT 2024"]
[Source "ChessBase"]
[SourceDate "2023.10.10"]
[SourceVersion "1"]
[SourceVersionDate "2023.10.10"]
[SourceQuality "1"]
[WhiteTeam "Dreisamtal"]
[BlackTeam "Kuppenheim"]
[WhiteTeamCountry "GER"]
[BlackTeamCountry "GER"]

1. d4 c6 2. c4 d5 3. Nc3 Nf6 4. cxd5 cxd5 5. Bg5 Nc6 6. Bxf6 gxf6 7. e3 a6 8. Bd3 e6 9. Rc1 Bd7 10. Nf3 Bd6 11. 0-0 f5 12. Na4 Nb4 13. Bb1 Bxa4 14. Qxa4+ Nc6 15. a3 Kf8 16. Bd3 Rg8 17. g3 Kg7 18. Qd1 Kh8 19. Kh1 Rc8 20. Nh4 Be7 21. Ng2 Na5 22. Qh5 Rg7 23. Nf4 Nc4 24. Bxc4 dxc4 25. Qf3 Rc7 26. d5 e5 27. Ne2 Qd7 28. e4 Rg5 29. Kg2 Bd6 30. h4 fxe4 31. Qf6+ Rg7 32. Nc3 Be7 33. Qxe5 f5 34. Ne2 Bd6 35. Qf6 Be7 36. Qd4 Qd6 37. Nf4 Bf6 38. Qd2 Rg4 39. Nh5 Be5 40. f3 exf3+ 41. Rxf3 Qg6 42. Re1 Re7 43. Rxe5 Rxe5 44. d6 Rge4 45. d7 Re2+ 46. Rf2 Qc6+ 47. Kg1 Re1+ 48. Rf1 Rxf1+ 49. Kxf1 Qh1+ 50. Kf2 Qh2+ 51. Kf1 Qxd2 0-1

[Event "Verbandsliga Suedbaden 2223"]
[Site "Germany"]
[Date "2022.10.16"]
[Round "2.4"]
[White "Stankovic, Zeljko"]
[Black "Krenz, Sarah"]
[Result "1/2-1/2"]
[WhiteElo "2220"]
[BlackElo "2044"]
[PlyCount "69"]
[EventDate "2022.09.25"]
[EventType "team-tourn"]
[EventRounds "9"]
[EventCountry "GER"]
[SourceTitle "EXT 2024"]
[Source "ChessBase"]
[SourceDate "2023.10.10"]
[SourceVersion "1"]
[SourceVersionDate "2023.10.10"]
[SourceQuality "1"]
[WhiteTeam "Dreisamtal"]
[BlackTeam "Gottmadingen"]
[WhiteTeamCountry "GER"]
[BlackTeamCountry "GER"]

1. d4 d6 2. e4 Nf6 3. Nc3 g6 4. Be3 c6 5. h3 Qa5 6. Bd3 Nbd7 7. Nf3 a6 8. 0-0 Bg7 9. Qd2 Qc7 10. a4 a5 11. Rfe1 0-0 12. Rad1 Nb6 13. Bf1 d5 14. Bf4 Qd8 15. e5 Ne4 16. Nxe4 dxe4 17. Ng5 Nxa4 18. b3 Nb6 19. Nxe4 Nd5 20. Bh6 Bf5 21. c4 Nb4 22. d5 Bxe4 23. Rxe4 Qd7 24. Rh4 Bxe5 25. Bxf8 Kxf8 26. Rxh7 Bg7 27. dxc6 Qxc6 28. Qd8+ Qe8 29. Qxe8+ Rxe8 30. Rh4 Bf6 31. Re4 Na6 32. Rd5 b6 33. Rb5 Rb8 34. g4 Nc7 35. Kg2 1/2-1/2

[Event "Verbandsliga Suedbaden 2122"]
[Site "Baden"]
[Date "2022.05.08"]
[Round "4.5"]
[White "Wernet, Andreas"]
[Black "Stankovic, Zeljko"]
[Result "1-0"]
[WhiteElo "1959"]
[BlackElo "2242"]
[PlyCount "179"]
[EventDate "2021.10.10"]
[EventType "team-tourn"]
[EventRounds "9"]
[EventCountry "GER"]
[SourceTitle "EXT 2023"]
[Source "ChessBase"]
[SourceDate "2022.10.05"]
[SourceVersion "1"]
[SourceVersionDate "2022.10.05"]
[SourceQuality "1"]
[WhiteTeam "Oberwinden"]
[BlackTeam "Dreisamtal"]
[WhiteTeamCountry "GER"]
[BlackTeamCountry "GER"]

1. e4 c5 2. c3 Nf6 3. e5 Nd5 4. Nf3 e6 5. Be2 d6 6. exd6 Bxd6 7. 0-0 0-0 8. Na3 Nc6 9. d3 h6 10. Re1 b6 11. Bf1 Bb7 12. Nc4 Bc7 13. Nce5 Nxe5 14. Nxe5 Nf6 15. Bf4 Nd7 16. Qg4 Nxe5 17. Bxe5 Bxe5 18. Rxe5 Qf6 19. Rae1 Rfd8 20. R1e3 Rd7 21. Rh5 Rad8 22. Reh3 Kf8 23. Re3 Rd5 24. Rf3 Qe7 25. Rg3 Rxh5 26. Qxh5 Qf6 27. Qe2 Qf4 28. Qe3 Qf6 29. Qe2 g5 30. Re3 Kg7 31. Qg4 Bc6 32. a3 Kg6 33. Be2 Qf5 34. Qh5+ Kg7 35. Bf1 Rd5 36. Qe2 Rd8 37. Qh5 Qg6 38. Qe2 h5 39. Re5 Rd5 40. Qe3 Qf6 41. Rxd5 Bxd5 42. Be2 Kg6 43. d4 cxd4 44. cxd4 h4 45. f3 Kg7 46. Kf2 Qd8 47. f4 Qf6 48. g3 hxg3+ 49. Kxg3 gxf4+ 50. Qxf4 Qd8 51. h4 Qc8 52. Bd3 f5 53. h5 Qd8 54. Kh3 Qf6 55. Bb5 Kh7 56. Be8 Qe7 57. Bg6+ Kg7 58. Qe5+ Qf6 59. Qf4 Qd8 60. b4 a5 61. Qe5+ Kh6 62. Bf7 axb4 63. axb4 Qe7 64. Qh8+ Kg5 65. Qg7+ Kf4 66. h6 Qxb4 67. Qe5+ Kg5 68. h7 Bg2+ 69. Kh2 Bf3 70. Qg3+ Bg4 71. h8Q Qd2+ 72. Qg2 Qf4+ 73. Kg1 Qc1+ 74. Qf1 Qe3+ 75. Qf2 Qc1+ 76. Kh2 Qc7+ 77. Qe5 Qxf7 78. Qff4+ Kg6 79. Qc7 Qf6 80. Kg2 Qh8 81. Qxb6 Qa8+ 82. Kg1 Qa1+ 83. Qf1 Qa2 84. Qe1 Kf7 85. Qc7+ Kg6 86. Qd7 f4 87. Qe8+ Kg5 88. Qg8+ Kh5 89. Qh7+ Kg5 90. Qeh4# 1-0

[Event "Oberliga Baden 1617"]
[Site "Baden"]
[Date "2016.10.16"]
[Round "1.4"]
[White "Stankovic, Zeljko"]
[Black "Schmaltz, Roland"]
[Result "1/2-1/2"]
[WhiteElo "2224"]
[BlackElo "2490"]
[PlyCount "92"]
[EventDate "2016.10.16"]
[EventType "team-tourn"]
[EventRounds "9"]
[EventCountry "GER"]
[SourceTitle "EXT 2018"]
[Source "ChessBase"]
[SourceDate "2017.10.13"]
[SourceVersion "1"]
[SourceVersionDate "2017.10.13"]
[SourceQuality "1"]
[WhiteTeam "Dreisamtal"]
[BlackTeam "Baden-Baden II"]
[WhiteTeamCountry "GER"]
[BlackTeamCountry "GER"]

1. d4 Nf6 2. c4 g6 3. Nc3 Bg7 4. e4 d6 5. h3 0-0 6. Bg5 Na6 7. Bd3 e5 8. d5 Qe8 9. g4 Nc5 10. Bc2 a5 11. Nge2 c6 12. Qd2 cxd5 13. exd5 Bd7 14. a4 Kh8 15. Ng3 b6 16. b3 Ng8 17. Nb5 Bxb5 18. axb5 e4 19. Rd1 f5 20. Be3 Nd7 21. Kf1 Be5 22. Bd4 Qe7 23. g5 Rae8 24. h4 Bxd4 25. Qxd4+ Qe5 26. Ne2 f4 27. Bxe4 Qxd4 28. Rxd4 f3 29. Nc3 Rf4 30. h5 Kg7 31. hxg6 hxg6 32. Rd3 Rfxe4 33. Nxe4 Rxe4 34. Rxf3 Ne5 35. Rfh3 Nf7 36. Rh7+ Kf8 37. R1h4 Rxh4 38. Rxh4 Ne7 39. f4 Nf5 40. Rh3 Kg7 41. Ke2 Nd8 42. Kd2 Nb7 43. Kc3 Nc5 44. Rh2 Ne4+ 45. Kd3 Nc5+ 46. Kc3 Ne4+ 1/2-1/2

[Event "Basel op"]
[Site "Basel"]
[Date "2015.01.04"]
[Round "5"]
[White "Patuzzo, Fabrizio"]
[Black "Stankovic, Zeljko"]
[Result "1-0"]
[WhiteElo "2327"]
[BlackElo "2246"]
[PlyCount "101"]
[EventDate "2015.01.01"]
[EventType "swiss"]
[EventRounds "7"]
[EventCountry "SUI"]
[SourceTitle "CBM 164 Extra"]
[Source "ChessBase"]
[SourceDate "2015.03.02"]
[SourceVersion "1"]
[SourceVersionDate "2015.03.02"]
[SourceQuality "1"]

1. Nf3 c5 2. c4 Nc6 3. Nc3 e5 4. e3 Nf6 5. d4 cxd4 6. exd4 e4 7. Ne5 Bb4 8. Be2 Qa5 9. Nxc6 dxc6 10. Qb3 0-0 11. 0-0 Rd8 12. Rd1 Be6 13. a3 Bxc3 14. Qxc3 Qf5 15. h3 Rd6 16. Qg3 Rad8 17. Bh6 Ne8 18. Be3 Bc8 19. Qh4 Nf6 20. Rac1 h6 21. Rc3 b5 22. b3 Ba6 23. Qg3 Nh5 24. Qg4 Qxg4 25. hxg4 Nf6 26. f3 bxc4 27. bxc4 c5 28. d5 Nxd5 29. Rxd5 Rxd5 30. cxd5 Bxe2 31. fxe4 c4 32. Bxa7 Bd3 33. Bc5 Bxe4 34. d6 Bd5 35. Kf2 Be6 36. Ke3 Rb8 37. Kd4 Kf8 38. a4 Ke8 39. a5 Rb1 40. a6 Rd1+ 41. Ke3 Re1+ 42. Kd2 Ra1 43. a7 Kd7 44. Ba3 Bd5 45. Re3 Ra2+ 46. Kc1 Kd8 47. Kb1 Rxg2 48. Bc5 Rxg4 49. Re7 c3 50. Bb6+ Kc8 51. d7+ 1-0

[Event "Basel op"]
[Site "Basel"]
[Date "2015.01.01"]
[Round "1"]
[White "Kamber, Adrian"]
[Black "Stankovic, Zeljko"]
[Result "0-1"]
[WhiteElo "1999"]
[BlackElo "2246"]
[PlyCount "88"]
[EventDate "2015.01.01"]
[EventType "swiss"]
[EventRounds "7"]
[EventCountry "SUI"]
[SourceTitle "CBM 164 Extra"]
[Source "ChessBase"]
[SourceDate "2015.03.02"]
[SourceVersion "1"]
[SourceVersionDate "2015.03.02"]
[SourceQuality "1"]

1. b4 e5 2. Bb2 Bxb4 3. Bxe5 Nf6 4. Nf3 0-0 5. g3 d5 6. Bg2 c5 7. 0-0 Nc6 8. Bb2 Re8 9. c3 Ba5 10. Na3 Bf5 11. Rc1 Qd7 12. Re1 Rad8 13. d3 h6 14. Nd2 a6 15. Nb3 Bb6 16. Nc2 Ba7 17. Ba3 b6 18. Ne3 Be6 19. d4 c4 20. Nd2 Bh3 21. Bh1 b5 22. Rb1 Re6 23. Qc1 Rde8 24. Rd1 Ng4 25. Nxd5 Rxe2 26. Nf4 Nxf2 27. Nxe2 Rxe2 28. Nf3 Nxh1 29. Rb2 Rxb2 30. Bxb2 Qf5 31. Qe3 Nxg3 32. hxg3 Bg4 33. Rf1 Bh3 34. Rf2 Bb8 35. Qe8+ Kh7 36. Qxc6 Bxg3 37. Qe8 Qb1+ 38. Qe1 Bxf2+ 39. Kxf2 Qxb2+ 40. Nd2 Qxc3 41. Qe4+ f5 42. Qf4 Qd3 43. Nf3 Qf1+ 44. Ke3 Qc1+ 0-1

[Event "Basel op"]
[Site "Basel"]
[Date "2014.01.02"]
[Round "2"]
[White "Stankovic, Zeljko"]
[Black "Hess, Max"]
[Result "0-1"]
[WhiteElo "2243"]
[BlackElo "2005"]
[PlyCount "116"]
[EventDate "2014.01.01"]
[EventType "swiss"]
[EventRounds "7"]
[EventCountry "SUI"]
[SourceTitle "CBM 158 Extra"]
[Source "ChessBase"]
[SourceDate "2014.02.28"]
[SourceVersion "1"]
[SourceVersionDate "2014.02.28"]
[SourceQuality "1"]

1. d4 Nf6 2. c4 g6 3. Nc3 Bg7 4. e4 d6 5. h3 0-0 6. Bg5 Na6 7. Bd3 e5 8. d5 c6 9. Nge2 Nc5 10. Bc2 cxd5 11. exd5 a5 12. 0-0 Bd7 13. Qd2 Qe8 14. Be3 Nh5 15. Rfe1 f5 16. f4 Rc8 17. Rad1 Na6 18. b3 g5 19. fxe5 f4 20. e6 fxe3 21. Qxe3 Qe7 22. Qd3 Bxc3 23. exd7 Bxe1 24. dxc8Q Bf2+ 25. Kf1 Rxc8 26. Kxf2 Nb4 27. Qxh7+ Qxh7 28. Bxh7+ Kxh7 29. Nd4 Nf4 30. Nb5 Rd8 31. Kf3 Nbd3 32. h4 Ne5+ 33. Ke4 Nfd3 34. Rxd3 Nxd3 35. Kxd3 gxh4 36. Ke4 Kg6 37. Kf4 Kh5 38. Kf5 Rg8 39. Nxd6 Rxg2 40. Ne4 h3 41. d6 Rg7 42. Ke6 h2 43. d7 Rxd7 44. Kxd7 Kh4 45. Nf2 Kg3 46. Nh1+ Kg2 47. Kc7 Kxh1 48. Kxb7 Kg2 49. c5 h1Q 50. c6 Kg3 51. Kb6 Kf4 52. a3 Ke5 53. b4 axb4 54. axb4 Kd6 55. b5 Qg1+ 56. Kb7 Qg7+ 57. Kb8 Qc7+ 58. Ka8 Qa5+ 0-1

[Event "Basel Hilton op 14th"]
[Site "Basel"]
[Date "2012.01.05"]
[Round "7"]
[White "Stankovic, Zeljko"]
[Black "Dunn, Alan Stephan"]
[Result "1-0"]
[WhiteElo "2200"]
[BlackElo "2135"]
[PlyCount "97"]
[EventDate "2012.01.01"]
[EventType "swiss"]
[EventRounds "7"]
[EventCountry "SUI"]
[SourceTitle "CBM 146 Extra"]
[Source "ChessBase"]
[SourceDate "2012.02.29"]
[SourceVersion "1"]
[SourceVersionDate "2012.02.29"]
[SourceQuality "1"]

1. d4 Nf6 2. c4 g6 3. Nc3 Bg7 4. e4 d6 5. h3 0-0 6. Bg5 h6 7. Be3 Nc6 8. Qd2 Kh7 9. Nge2 e5 10. d5 Ne7 11. g4 Ne8 12. Ng3 f5 13. gxf5 gxf5 14. exf5 Nxf5 15. Bd3 Qe7 16. 0-0-0 Rf7 17. Rhg1 Bf8 18. Qe2 Kh8 19. Nxf5 Bxf5 20. Bxf5 Rxf5 21. Rg4 Nf6 22. Rg6 Qh7 23. Rdg1 Re8 24. Qd3 Rf3 25. Qe2 Rf5 26. Qc2 Rf3 27. Qd2 h5 28. Bh6 Ng4 29. R1xg4 hxg4 30. Qg5 Be7 31. Bg7+ Qxg7 32. Qh5+ Qh7 33. Rh6 Qxh6+ 34. Qxh6+ Kg8 35. Qg6+ Kf8 36. Qh6+ Kg8 37. Qg6+ Kf8 38. hxg4 Rxf2 39. Qh6+ Kg8 40. Qg6+ Kf8 41. Qh6+ Kg8 42. g5 Rg2 43. Qg6+ Kf8 44. Qh6+ Kg8 45. Qg6+ Kf8 46. Ne4 Bd8 47. Qh6+ Kf7 48. Qh7+ Kf8 49. g6 1-0

[Event "Basel Hilton op 14th"]
[Site "Basel"]
[Date "2012.01.02"]
[Round "3"]
[White "Stankovic, Zeljko"]
[Black "Mueller, Louis"]
[Result "1-0"]
[WhiteElo "2200"]
[BlackElo "1828"]
[PlyCount "49"]
[EventDate "2012.01.01"]
[EventType "swiss"]
[EventRounds "7"]
[EventCountry "SUI"]
[SourceTitle "CBM 146 Extra"]
[Source "ChessBase"]
[SourceDate "2012.02.29"]
[SourceVersion "1"]
[SourceVersionDate "2012.02.29"]
[SourceQuality "1"]

1. d4 f5 2. g3 Nf6 3. Bg2 e6 4. c4 Bb4+ 5. Bd2 Bxd2+ 6. Nxd2 d5 7. Nh3 Nc6 8. e3 0-0 9. 0-0 e5 10. dxe5 Nxe5 11. cxd5 Nxd5 12. Nc4 Nxe3 13. Qxd8 Rxd8 14. Nxe3 c6 15. Rfd1 Rxd1+ 16. Rxd1 Be6 17. b3 Nf7 18. Nf4 Bc8 19. h4 g6 20. Nc4 Kg7 21. Nd6 h6 22. Nxf7 Kxf7 23. Rd8 Ke7 24. Rg8 Kf7 25. Rxg6 1-0

[Event "Basel Hilton op 12th"]
[Site "Basel"]
[Date "2010.01.04"]
[Round "6"]
[White "Eschbach, Dennis"]
[Black "Stankovic, Zeljko"]
[Result "1-0"]
[WhiteElo "2435"]
[BlackElo "2179"]
[PlyCount "95"]
[EventDate "2010.01.01"]
[EventType "swiss"]
[EventRounds "7"]
[EventCountry "SUI"]
[SourceTitle "CBM 134 Extra"]
[Source "ChessBase"]
[SourceDate "2010.03.03"]
[SourceVersion "1"]
[SourceVersionDate "2010.03.03"]
[SourceQuality "1"]

1. e4 c5 2. Nf3 d6 3. d4 cxd4 4. Nxd4 Nf6 5. Nc3 a6 6. Bg5 e6 7. f4 Qc7 8. Bxf6 gxf6 9. Qd2 Nc6 10. 0-0-0 Bd7 11. Kb1 0-0-0 12. Bc4 Kb8 13. Nxc6+ Qxc6 14. Bb3 Be7 15. Rhf1 h5 16. f5 Qc5 17. Ne2 Rdg8 18. Nd4 Qe5 19. g3 Rg4 20. Rf4 Rhg8 21. Re1 Bc8 22. c3 Rh8 23. Bd1 Rxf4 24. gxf4 Qc5 25. fxe6 fxe6 26. Qg2 Rd8 27. f5 exf5 28. exf5 Bxf5+ 29. Nxf5 Qxf5+ 30. Bc2 Qd7 31. Qg7 Re8 32. Qf7 Kc7 33. Bg6 Kd8 34. Qxe8+ Qxe8 35. Bxe8 Kxe8 36. Kc2 Kd7 37. Kd3 f5 38. Kd4 Bf6+ 39. Kd5 f4 40. Rf1 Be5 41. Rf3 Ke7 42. Rh3 h4 43. Ke4 Kf6 44. Rxh4 Kg5 45. Rh7 Kg4 46. Rxb7 Kh3 47. Kf3 Kxh2 48. Ra7 1-0

[Event "Basel Hilton op 12th"]
[Site "Basel"]
[Date "2010.01.02"]
[Round "2"]
[White "Filipovic, Branko"]
[Black "Stankovic, Zeljko"]
[Result "1-0"]
[WhiteElo "2439"]
[BlackElo "2179"]
[PlyCount "71"]
[EventDate "2010.01.01"]
[EventType "swiss"]
[EventRounds "7"]
[EventCountry "SUI"]
[SourceTitle "CBM 134 Extra"]
[Source "ChessBase"]
[SourceDate "2010.03.03"]
[SourceVersion "1"]
[SourceVersionDate "2010.03.03"]
[SourceQuality "1"]

1. e4 c5 2. Nf3 d6 3. d4 cxd4 4. Qxd4 Nc6 5. Bb5 Bd7 6. Bxc6 Bxc6 7. Nc3 Nf6 8. Bg5 e6 9. 0-0-0 Be7 10. Rhe1 0-0 11. Kb1 h6 12. Bh4 Re8 13. Qd2 Nxe4 14. Nxe4 Bxh4 15. Nxd6 Bxf3 16. gxf3 Rf8 17. Rg1 Bg5 18. Qb4 a5 19. Qb5 Qc7 20. Qxb7 Qc5 21. Ne4 Qe5 22. Nxg5 Rab8 23. f4 Qxf4 24. Nxe6 Qe5 25. Rxg7+ Kh8 26. Rh7+ Kxh7 27. Nxf8+ Rxf8 28. Qd5 Qxh2 29. Qf5+ Kg7 30. Qg4+ Kh7 31. f4 Qf2 32. Qf5+ Kg7 33. Qe5+ f6 34. Qh5 Rf7 35. Qg4+ Kh7 36. Rg1 1-0

[Event "Basel Hilton op 12th"]
[Site "Basel"]
[Date "2010.01.02"]
[Round "3"]
[White "Stankovic, Zeljko"]
[Black "Aerni, Andreas"]
[Result "1-0"]
[WhiteElo "2179"]
[BlackElo "2137"]
[PlyCount "41"]
[EventDate "2010.01.01"]
[EventType "swiss"]
[EventRounds "7"]
[EventCountry "SUI"]
[SourceTitle "CBM 134 Extra"]
[Source "ChessBase"]
[SourceDate "2010.03.03"]
[SourceVersion "1"]
[SourceVersionDate "2010.03.03"]
[SourceQuality "1"]

1. d4 Nf6 2. c4 e6 3. Nc3 d5 4. cxd5 exd5 5. Bg5 Be7 6. e3 c6 7. Qc2 Nbd7 8. Bd3 0-0 9. Nf3 Re8 10. 0-0 Ne4 11. Bxe4 dxe4 12. Nxe4 Bxg5 13. Nexg5 Nf8 14. Qb3 Qe7 15. Ne5 h6 16. Ngf3 Be6 17. Qc2 g5 18. Rac1 f6 19. Ng6 Qg7 20. Nxf8 Rxf8 21. e4 1-0

[Event "Basel Hilton op 12th"]
[Site "Basel"]
[Date "2010.01.01"]
[Round "1"]
[White "Stankovic, Zeljko"]
[Black "Sommerhalder, Eric"]
[Result "1-0"]
[WhiteElo "2179"]
[BlackElo "1899"]
[PlyCount "75"]
[EventDate "2010.01.01"]
[EventType "swiss"]
[EventRounds "7"]
[EventCountry "SUI"]
[SourceTitle "CBM 134 Extra"]
[Source "ChessBase"]
[SourceDate "2010.03.03"]
[SourceVersion "1"]
[SourceVersionDate "2010.03.03"]
[SourceQuality "1"]

1. d4 Nf6 2. c4 e6 3. Nc3 d5 4. cxd5 exd5 5. Bg5 Be7 6. e3 c6 7. Qc2 Bg4 8. Bd3 Nbd7 9. Nge2 Bxe2 10. Qxe2 Ne4 11. Bxe7 Qxe7 12. Bxe4 dxe4 13. Qg4 Nf6 14. Qxg7 Rg8 15. Qh6 Rxg2 16. Qh3 Rg6 17. 0-0-0 Qd7 18. Qh4 Qg4 19. Qg3 Qxd1+ 20. Kxd1 Rxg3 21. hxg3 Kf8 22. Rh4 Re8 23. g4 h6 24. Rxh6 Kg7 25. g5 Ng4 26. Rh4 Nxf2+ 27. Ke2 Nd3 28. Nxe4 Nc1+ 29. Kf3 Nxa2 30. Nd6 Rd8 31. Nxb7 Rb8 32. Nd6 Kg6 33. Rh6+ Kg7 34. Nf5+ Kg8 35. Ne7+ Kg7 36. Nf5+ Kg8 37. Rxc6 Rxb2 38. Ra6 1-0

[Event "Lenk op 20th"]
[Site "Lenk"]
[Date "2008.03.21"]
[Round "3"]
[White "Stankovic, Zeljko"]
[Black "Tillmann, Marc"]
[Result "1-0"]
[WhiteElo "2257"]
[BlackElo "1965"]
[PlyCount "71"]
[EventDate "2008.03.20"]
[EventType "swiss"]
[EventRounds "7"]
[EventCountry "SUI"]
[SourceTitle "CBM 123 Extra"]
[Source "ChessBase"]
[SourceDate "2008.05.06"]
[SourceVersion "1"]
[SourceVersionDate "2008.05.06"]
[SourceQuality "1"]

1. d4 Nf6 2. c4 g6 3. Nc3 Bg7 4. e4 d6 5. h3 0-0 6. Bg5 c5 7. d5 Na6 8. Bd3 Nc7 9. Nf3 a6 10. a4 b6 11. 0-0 Rb8 12. Qd2 Bd7 13. e5 Nfe8 14. exd6 Nxd6 15. Rfe1 f6 16. Bf4 b5 17. axb5 axb5 18. cxb5 Ncxb5 19. Nxb5 Bxb5 20. Bxb5 Rxb5 21. Ra7 Nc8 22. Ra8 c4 23. Rd1 Qd7 24. Qe2 Nb6 25. Rxf8+ Bxf8 26. Be3 Na4 27. Bd4 Rxd5 28. Qxc4 e6 29. Ra1 Ra5 30. Bxf6 Nb6 31. Qc1 Rc5 32. Qe1 Nd5 33. Bd4 Rc7 34. Qe5 Qg7 35. Qxe6+ Qf7 36. Qe5 1-0

[Event "Ascona op"]
[Site "Ascona"]
[Date "2007.12.04"]
[Round "3"]
[White "Stankovic, Zeljko"]
[Black "Zozulia, Anna"]
[Result "0-1"]
[WhiteElo "2228"]
[BlackElo "2347"]
[PlyCount "80"]
[EventDate "2007.12.03"]
[EventType "swiss"]
[EventRounds "9"]
[EventCountry "SUI"]
[SourceTitle "CBM 121 Extra"]
[Source "ChessBase"]
[SourceDate "2008.01.10"]
[SourceVersion "1"]
[SourceVersionDate "2008.01.10"]
[SourceQuality "1"]

1. d4 g6 2. c4 Bg7 3. e4 d6 4. Nc3 Nc6 5. d5 Nd4 6. Be3 c5 7. Nge2 Nxe2 8. Bxe2 Nf6 9. 0-0 0-0 10. h3 e6 11. Qd2 exd5 12. exd5 Re8 13. Bd3 a6 14. a4 Nd7 15. Rae1 Qc7 16. Bh6 Nf6 17. Bxg7 Kxg7 18. Rxe8 Nxe8 19. f4 Qe7 20. f5 Qe5 21. fxg6 hxg6 22. Qf2 Nf6 23. Re1 Qg5 24. Re7 Bf5 25. Bxf5 gxf5 26. Rxb7 Rh8 27. Ne2 Ne4 28. Qf4 Qf6 29. Ng3 Nxg3 30. Qxg3+ Kh7 31. Rb6 Rg8 32. Qf3 Re8 33. Qc3 Qh4 34. Kh2 f4 35. Rb7 Kg8 36. Qf3 f5 37. g3 Qf6 38. gxf4 Qd4 39. Qg3+ Kf8 40. Qg2 Qxf4+ 0-1

[Event "Verbandsliga Sued Baden 0405"]
[Site "Germany"]
[Date "2004.10.31"]
[Round "2.1"]
[White "Stankovic, Zeljko"]
[Black "Netzer, Jean"]
[Result "1/2-1/2"]
[WhiteElo "2138"]
[BlackElo "2370"]
[PlyCount "46"]
[EventDate "2004.10.10"]
[EventType "team"]
[EventRounds "9"]
[EventCountry "GER"]
[SourceTitle "EXT 2007"]
[Source "ChessBase"]
[SourceDate "2006.11.23"]
[SourceVersion "1"]
[SourceVersionDate "2006.11.23"]
[SourceQuality "1"]
[WhiteTeam "Dreisamtal"]
[BlackTeam "Baden Oos III"]
[WhiteTeamCountry "GER"]
[BlackTeamCountry "GER"]

1. d4 d5 2. c4 dxc4 3. e3 Nf6 4. Bxc4 e6 5. Nf3 a6 6. a4 c5 7. 0-0 Nc6 8. Qe2 Qc7 9. Rd1 Bd6 10. dxc5 Bxc5 11. Nc3 0-0 12. b3 b6 13. Bd3 Bb7 14. Bb2 Nb4 15. Bc4 Ng4 16. h3 Bxf3 17. Qxf3 Qh2+ 18. Kf1 Ne5 19. Qe4 Nxc4 20. bxc4 Qc7 21. a5 bxa5 22. Na4 Rfd8 23. Be5 Qa7 1/2-1/2

[Event "Baden VLS 0304"]
[Site "Baden"]
[Date "2003.11.09"]
[Round "2.8"]
[White "Stankovic, Zeljko"]
[Black "Trahasch, Klaus"]
[Result "1/2-1/2"]
[WhiteElo "2133"]
[BlackElo "2072"]
[PlyCount "78"]
[EventDate "2003.10.19"]
[EventType "team-tourn"]
[EventRounds "9"]
[EventCountry "GER"]
[SourceTitle "EXT 2022"]
[Source "ChessBase"]
[SourceDate "2021.10.06"]
[SourceVersion "1"]
[SourceVersionDate "2021.10.06"]
[SourceQuality "1"]
[WhiteTeam "Dreisamtal"]
[BlackTeam "Offenburg"]
[WhiteTeamCountry "GER"]
[BlackTeamCountry "GER"]

1. d4 e6 2. c4 b6 3. Nc3 Bb7 4. a3 f5 5. Nf3 Nf6 6. d5 Bd6 7. g3 0-0 8. Bg2 a5 9. 0-0 Na6 10. Rb1 Qe8 11. Nd4 Qe7 12. Qc2 Rab8 13. Rd1 Bc5 14. Ncb5 Ne4 15. Bxe4 fxe4 16. Qxe4 Qf7 17. Qf3 Qg6 18. Qd3 Qh5 19. Nf3 exd5 20. cxd5 Rbe8 21. Bf4 Rf6 22. e4 Ref8 23. Nbd4 Qg4 24. Kh1 Be7 25. Nf5 Bc5 26. Ne5 Qh3 27. Nxd7 Rxf5 28. exf5 Rxf5 29. Qe4 h6 30. Be3 Rh5 31. Qe8+ Kh7 32. Nf6+ gxf6 33. Qf7+ Kh8 34. Qxf6+ Kg8 35. Qg6+ Kf8 36. Bxc5+ Nxc5 37. Qf6+ Kg8 38. Qg6+ Kf8 39. Qf6+ Kg8 1/2-1/2

[Event "Zuerich Lake Plaza op 3rd"]
[Site "Pfaeffikon"]
[Date "2003.06.06"]
[Round "2"]
[White "Stankovic, Zeljko"]
[Black "Groszpeter, Attila"]
[Result "1/2-1/2"]
[WhiteElo "2136"]
[BlackElo "2486"]
[PlyCount "58"]
[EventDate "2003.06.06"]
[EventType "swiss"]
[EventRounds "7"]
[EventCountry "SUI"]
[SourceTitle "CBM 094 Extra"]
[Source "ChessBase"]
[SourceDate "2003.07.09"]
[SourceVersion "2"]
[SourceVersionDate "2003.07.09"]
[SourceQuality "1"]

1. d4 Nf6 2. c4 e6 3. Nc3 Bb4 4. e3 0-0 5. Bd3 d5 6. Nf3 c5 7. 0-0 Nc6 8. a3 Bxc3 9. bxc3 Qc7 10. cxd5 exd5 11. a4 Re8 12. Ba3 c4 13. Bc2 Bg4 14. Qe1 Bh5 15. Nh4 Ng4 16. g3 Bg6 17. Nxg6 hxg6 18. Qd2 Na5 19. Rab1 b6 20. Rfe1 f5 21. f3 Nf6 22. Re2 Re6 23. Rbe1 Rae8 24. Qd1 Nb7 25. Qb1 Nd6 26. Kf2 Qf7 27. Kg2 Qc7 28. Kf2 Qf7 29. Kg2 Qc7 1/2-1/2